The bad beginning / (Record no. 280)

MARC details
000 -LEADER
fixed length control field 01335nam a22003377a 4500
001 - CONTROL NUMBER
control field 280
003 - CONTROL NUMBER IDENTIFIER
control field FISKH
005 - DATE AND TIME OF LATEST TRANSACTION
control field 20240228143615.0
008 - FIXED-LENGTH DATA ELEMENTS--GENERAL INFORMATION
fixed length control field 230314b cb ||||| |||| 00| 0 eng d
020 ## - INTERNATIONAL STANDARD BOOK NUMBER
International Standard Book Number 9781405266062
040 ## - CATALOGING SOURCE
Original cataloging agency DLC
Transcribing agency DLC
Modifying agency DLC
-- FISKH
Language of cataloging eng
042 ## - AUTHENTICATION CODE
Authentication code lcac
050 00 - LIBRARY OF CONGRESS CALL NUMBER
Classification number PZ7.S6795
Item number Bad 1999
082 00 - DEWEY DECIMAL CLASSIFICATION NUMBER
Classification number 813.54
Edition number 21
100 1# - MAIN ENTRY--PERSONAL NAME
Personal name Snicket, Lemony.
245 14 - TITLE STATEMENT
Title The bad beginning /
Statement of responsibility, etc. by Lemony Snicket ; illustrations by Brett Helquist.
260 ## - PUBLICATION, DISTRIBUTION, ETC.
Place of publication, distribution, etc. New York :
Name of publisher, distributor, etc. Egmont
Date of publication, distribution, etc. 2001
300 ## - PHYSICAL DESCRIPTION
Extent 162 pages :
Other physical details illustrations,
Dimensions 19 cm.
490 1# - SERIES STATEMENT
Series statement A series of unfortunate events ;
Volume/sequential designation bk. 1
520 ## - SUMMARY, ETC.
Summary, etc. After the sudden death of their parents, the three Baudelaire children must depend on each other and their wits when it turns out that the distant relative who is appointed their guardian is determined to use any means necessary to get their fortune.
521 8# - TARGET AUDIENCE NOTE
Target audience note 1010 <br/>
Source Lexile
521 8# - TARGET AUDIENCE NOTE
Target audience note U <br/>
Source Raz-Plus
650 #1 - SUBJECT ADDED ENTRY--TOPICAL TERM
Topical term or geographic name entry element Orphans
Form subdivision Fiction.
650 #1 - SUBJECT ADDED ENTRY--TOPICAL TERM
Topical term or geographic name entry element Brothers and sisters
Form subdivision Fiction.
650 #1 - SUBJECT ADDED ENTRY--TOPICAL TERM
Topical term or geographic name entry element Humorous stories.
700 1# - ADDED ENTRY--PERSONAL NAME
Personal name Helquist, Brett,
Relator term ill.
800 1# - SERIES ADDED ENTRY--PERSONAL NAME
Personal name Snicket, Lemony.
Title of a work Series of unfortunate events ;
Volume/sequential designation bk. 1.
856 42 - ELECTRONIC LOCATION AND ACCESS
Materials specified Publisher description
Uniform Resource Identifier <a href="http://www.loc.gov/catdir/description/hc043/99014750.html">http://www.loc.gov/catdir/description/hc043/99014750.html</a>
906 ## - LOCAL DATA ELEMENT F, LDF (RLIN)
a 7
b cbc
c orignew
d 1
e ocip
f 19
g y-gencatlg
942 ## - ADDED ENTRY ELEMENTS (KOHA)
Source of classification or shelving scheme Library of Congress Classification
Koha item type Books
Suppress in OPAC No
Holdings
Withdrawn status Lost status Source of classification or shelving scheme Damaged status Not for loan Collection Home library Current library Shelving location Date acquired Total Checkouts Full call number Barcode Date last seen Copy number Price effective from Koha item type Date due Date last checked out
    Dewey Decimal Classification     Juvenile Fiction Footprints International School Library Network Toul Kork Campus Footprints International School Library Network Toul Kork Campus   03/14/2023   SNI 813.54 PZ7.S6795 FISTK05283 03/14/2023 1 03/14/2023 Books    
    Dewey Decimal Classification     Fiction Footprints International School Library Network Toul Kork Campus Footprints International School Library Network Toul Tom Poung Campus TTP Secondary Fiction Bookshelves 02/28/2024 1 SNI PZ7.S6795 813.54 2024-0134 04/29/2026 2 02/28/2024 Books 05/13/2026 04/29/2026